Konkurencia založená na čase ako nový zdroj konkurenčnej výhody
Príklad prosperujúcich japonských podnikov - ktoré konkurenčné výhody využívajú. Špecializovaný podnik a flexibilný podnik. Rozdiel v nákladoch flexibilných a tradičných podnikov - zdroj konkurenčnej výhody. Stratégie založené na flexibilnej výrobe zároveň založené na čase. Časovo orientovaná výroba...
Salvato in:
| Autore principale: | |
|---|---|
| Natura: | Capitolo di libro |
| Lingua: | slovacco |
| Soggetti: | |
| Tags: |
Nessun Tag, puoi essere il primo ad aggiungerne!!
|
MARC
| LEADER | 00000naa$a2200000$$$4500 | ||
|---|---|---|---|
| 001 | 0093920 | ||
| 005 | 20240502072039.9 | ||
| 041 | 0 | |a slo | |
| 044 | |a SK | ||
| 245 | 1 | 0 | |a Konkurencia založená na čase ako nový zdroj konkurenčnej výhody |c Ivana Hudáková |
| 520 | |a Príklad prosperujúcich japonských podnikov - ktoré konkurenčné výhody využívajú. Špecializovaný podnik a flexibilný podnik. Rozdiel v nákladoch flexibilných a tradičných podnikov - zdroj konkurenčnej výhody. Stratégie založené na flexibilnej výrobe zároveň založené na čase. Časovo orientovaná výroba. Časovo orientovaný predaj a distribúcia. Časovo orientovaná stratégia. | ||
| 610 | 2 | 0 | |a konkurencia |
| 610 | 2 | 0 | |a výhody konkurenčné |
| 610 | 2 | 0 | |a firmy |
| 610 | 2 | 0 | |a flexibilita |
| 610 | 2 | 0 | |a špecializácia |
| 610 | 2 | 0 | |a výroba |
| 610 | 2 | 0 | |a čas výrobný |
| 610 | 2 | 0 | |a predaj |
| 610 | 2 | 0 | |a distribúcia |
| 610 | 2 | 0 | |a stratégia podniková |
| 610 | 2 | 0 | |a Japonsko |
| 100 | 1 | |a Hudáková, Ivana, 1976- | |